[Event "XXIV San Miguel 2018"]
[Site "Trevias"]
[Date "2018.09.17"]
[Round "1"]
[White "Aguera Naredo, Javier"]
[Black "Gutierrez Abarrategui, Luis"]
[Result "1-0"]
[WhiteElo "2369"]
[BlackElo "1872"]
[Annotator "TA"]
[PlyCount "61"]
[EventDate "2018.09.17"]
[EventType "swiss"]
[EventCountry "ESP"]
[SourceTitle "playchess.com"]
[Source "ChessBase"]
[SourceQuality "1"]

{[%evp 16,61,80,80,71,73,74,71,88,93,113,93,104,100,105,39,60,59,62,62,72,81,72,67,138,135,140,136,127,120,127,97,174,172,181,97,112,101,308,299,289,289,259,143,320,301,908,902]} 1. e4 c6 2. d4 d5 3. e5 Bf5 4. h4 {[%cal Bh2h4,Bh4h5][%mdl 32]} h6 5. g4 Be4 6. f3 Bg6 {B12: Caro-Kann: Advance Variation} (6... Bh7 7. e6 Qd6 8. exf7+ Kxf7 9. Bd3 Bxd3 10. Qxd3 Nd7 11. h5 e5 12. f4 exd4 13. Qf5+ Ngf6 14. g5 hxg5 15. fxg5 Qg3+ {0-1 (40) Fedoseev,V (2724)-Tabatabaei,M (2577) Moscow 2018}) 7. h5 Bh7 8. e6 fxe6 9. Bd3 {LiveBook: 8 Games} Nf6 10. Bxh7 Nxh7 11. Ne2 e5 $146 ({Predecessor:} 11... Qd6 12. Bf4 Qb4+ 13. Nbc3 Nd7 14. Qd3 {1-0 (45) Potapov,P (2482)-Gheng,J (2336) Pardubice 2014}) 12. dxe5 e6 13. Nd4 Bb4+ 14. c3 Ba5 15. Nxe6 (15. Qc2 $16 {Strongly threatening Qg6+.} Nf8 16. Be3) 15... Qe7 $14 16. Nf4 $1 {[%cal Rf4g6] Black must now prevent Ng6.} Qxe5+ 17. Kf2 O-O {And now ...Ng5 would win.} 18. Ng6 $1 $36 {[%cal Rg6e5][%mdl 2048] Black is under strong pressure.} Qd6 19. Nxf8 Kxf8 ({Black should try} 19... Nxf8 $14 20. Be3 Nbd7) 20. Nd2 {[%cal Bb1d2,Bd2f1,Bf1g3][%mdl 32]} Bc7 {[#]} 21. Nf1 $1 Nd7 22. Rh3 Re8 {Threatening ...Bb6+.} 23. Ng3 Bb6+ (23... Kg8 $16 {was worth a try.}) 24. Kg2 $18 Qc5 {[#] ( -> ...Qf2+)} 25. Qd4 (25. Qf1 $1 $18) 25... Qb5 26. Qb4+ Nc5 $2 (26... Qxb4 $16 27. cxb4 Ne5) 27. Qxb5 cxb5 28. Rh1 Nd3 29. b3 ({Better is} 29. Rd1 $18 Ne1+ 30. Kh3) 29... Ng5 $2 (29... b4 $16 {keeps fighting.}) 30. Rd1 Ne1+ $2 {[#]} (30... Nxc1 31. Raxc1 Be3) 31. Rxe1 $1 {[%mdl 512] Precision: White = 66%, Black = 30%.} 1-0

[Event "XXIV San Miguel 2018"]
[Site "Trevias"]
[Date "2018.09.17"]
[Round "1"]
[White "Blazquez Lopez, Berna"]
[Black "Almirante Olay, Ruben"]
[Result "1-0"]
[WhiteElo "2134"]
[BlackElo "1809"]
[Annotator "TA"]
[PlyCount "61"]
[EventDate "2018.09.17"]
[EventType "swiss"]
[EventCountry "ESP"]
[SourceTitle "playchess.com"]
[Source "ChessBase"]
[SourceQuality "1"]

{[%evp 9,61,-2,15,16,26,26,64,38,40,27,35,30,39,39,39,32,43,23,31,19,32,22,22,22,36,34,48,48,51,44,38,-25,-32,-52,89,87,168,156,284,279,383,378,430,429,412,403,607,601,29989,29990,29990,29990,29991,29992]} 1. d4 d5 2. c4 c6 3. Nf3 Bf5 4. Qb3 Qb6 5. c5 Qxb3 6. axb3 {D11: Damengambit (Slawische Verteidigung)} Bxb1 7. Rxb1 Na6 $146 ({Vorgänger:} 7... Nd7 8. b4 a6 9. Bf4 Ngf6 10. h3 g6 11. e3 Bg7 12. Bd3 {½-½ (32) Kaganov,D (2106)-Zaitsev,I (2437) St Petersburg 2008}) 8. e3 {Und weiter mit Lxa6 wäre nett.Weiß steht etwas besser.} Nc7 $1 9. Bd3 g6 10. Bd2 Bg7 11. Ba5 Nb5 12. O-O a6 13. Bc3 Nf6 14. Nd2 O-O 15. b4 Nd7 16. f4 Nf6 17. h3 Nd7 18. g4 e6 19. Nf3 f6 20. e4 ({Günstiger ist} 20. g5 $14) 20... dxe4 $11 21. Bxe4 a5 (21... f5 $15 {bleibt weiter vorne.} 22. gxf5 exf5) 22. bxa5 $16 Nxc3 (22... f5 $16 {war einen Versuch wert.} 23. gxf5 exf5) 23. bxc3 $18 Rxa5 (23... Rfb8 $16 24. Bd3 Rxa5) 24. Rxb7 Rd8 25. Bxc6 Nxc5 26. dxc5 Rxc5 27. Bd7 e5 (27... Rxc3 $142 28. Bxe6+ Kh8) 28. fxe5 fxe5 29. Ng5 {Weiß setzt Matt.} Ra8 30. Be6+ Kh8 31. Rff7 {Precision: Weiß = 65%, Schwarz = 42%.} 1-0

[Event "XXIV San Miguel 2018"]
[Site "Trevias"]
[Date "2018.09.17"]
[Round "1"]
[White "Acebal Muniz, Antonio"]
[Black "Mauro Juarez, Benito"]
[Result "1/2-1/2"]
[WhiteElo "2105"]
[BlackElo "1770"]
[Annotator "TA"]
[PlyCount "26"]
[EventDate "2018.09.17"]
[EventType "swiss"]
[EventCountry "ESP"]
[SourceTitle "playchess.com"]
[Source "ChessBase"]
[SourceQuality "1"]

{[%evp 15,26,-32,0,-16,-2,-20,-27,-27,0,0,14,3,52]} 1. Nf3 Nf6 2. c4 e6 3. Nc3 d5 4. d4 c5 5. Bg5 cxd4 6. Nxd4 e5 7. Nf3 d4 8. Nd5 Nc6 {LiveBook: 3 Games} (8... Be7 $5 {[%cal Rf6d5]} 9. Bxf6 (9. Nxe7 Qxe7 10. g3 Nc6 $11) 9... Bxf6 $11) 9. e4 {D50: Queen's Gambit Declined: Dutch-Peruvian Gambit} (9. g3 Be6 10. Bxf6 gxf6 11. Bg2 f5 12. O-O Bg7 13. Qb3 Rb8 14. e3 O-O 15. Nh4 Qd6 16. Rad1 Rfc8 {½-½ (56) Swiercz,D (2488)-Lysyj,I (2615) Rijeka 2010}) 9... Be7 10. Bxf6 Bxf6 11. Bd3 Qa5+ $146 ({Predecessor:} 11... g6 12. O-O Bg7 13. b4 O-O 14. Qb3 Be6 15. Rac1 Kh8 {0-1 (37) Guimard,C-Stoltz,G Prague 1946}) 12. Qd2 {Strongly threatening Qxa5.} Qxd2+ 13. Kxd2 {Nc7+ is the strong threat.} Kd8 1/2-1/2

[Event "XXIV San Miguel 2018"]
[Site "Trevias"]
[Date "2018.09.17"]
[Round "1"]
[White "Oria Blasco, Alberto"]
[Black "Alvarez Fernandez, Enrique"]
[Result "0-1"]
[WhiteElo "1838"]
[BlackElo "2303"]
[Annotator "TA"]
[PlyCount "66"]
[EventDate "2018.09.17"]
[EventType "swiss"]
[EventCountry "ESP"]
[SourceTitle "playchess.com"]
[Source "ChessBase"]
[SourceQuality "1"]

{[%evp 10,66,-23,-23,-23,-35,-27,-19,-8,-12,-13,-29,0,-12,-14,-27,6,0,10,-120,-122,-122,-124,-98,-106,-108,-95,-123,-122,-246,-239,-233,-228,-234,-225,-245,-245,-256,-254,-257,-251,-260,-245,-257,-240,-234,-247,-269,-250,-288,-281,-287,-287,-322,-317,-370,-358,-367,-358]} 1. Nf3 d5 2. c4 dxc4 3. Qa4+ Nc6 4. Qxc4 e5 5. d3 Bd6 (5... h6 6. g3 Be6 7. Qa4 Qd7 8. Be3 Nf6 9. Nc3 Nd5 10. Nxd5 Bxd5 11. Bg2 Bb4+ 12. Kf1 {1-0 (35) Artemiev,V (2691)-Vallejo Pons,F (2707) Riadh 2017}) 6. g3 {LiveBook: 4 Games. A09: Réti Opening: 1 Nf3 d5 2 c4} Be6 7. Qa4 Nf6 8. Bg2 {Black has an edge.} O-O 9. Nc3 h6 10. O-O a6 $146 ({Predecessor:} 10... Qd7 11. Re1 a6 12. a3 {0-1 (45) Titorenko,N (2143)-Mednikova,S (2166) Opatija 2013}) 11. a3 Qd7 $36 {[%mdl 2048] Black is pushing.} 12. b4 Bh3 13. Bb2 Qg4 14. b5 (14. Ne4 $11) 14... Qxa4 $17 15. Nxa4 Bxg2 16. Kxg2 axb5 17. Nc3 Ra5 18. e3 Rfa8 {[%cal Rd6a3]} 19. Nd2 (19. Rfd1 $17 {only move.}) 19... Bxa3 $19 20. Bxa3 Rxa3 21. Rxa3 Rxa3 22. Nxb5 Rxd3 23. Nf3 Ne8 {...Rb3 is the strong threat.} 24. Rc1 f6 25. Kf1 Kf7 26. Nc3 Rd8 27. Ke2 Ne7 28. Rb1 Nd6 29. Nd2 Ra8 30. Rb2 b6 31. h4 h5 32. Kd1 Ke6 33. Ke2 Nd5 {Precision: White = 40%, Black = 80%.} 0-1

[Event "XXIV San Miguel 2018"]
[Site "Trevias"]
[Date "2018.09.17"]
[Round "1"]
[White "Martin Manzano, Antonio"]
[Black "Cuevas Fernandez, Jose Alberto"]
[Result "0-1"]
[WhiteElo "1825"]
[BlackElo "2173"]
[Annotator "TA"]
[PlyCount "96"]
[EventDate "2018.09.17"]
[EventType "swiss"]
[EventCountry "ESP"]
[SourceTitle "playchess.com"]
[Source "ChessBase"]
[SourceQuality "1"]

{[%evp 9,96,63,59,56,81,80,78,77,97,23,32,12,17,5,69,56,112,113,128,88,179,161,164,139,136,135,150,126,120,121,133,123,155,146,148,131,117,111,109,80,172,185,210,189,266,242,483,425,412,247,333,348,320,275,243,197,307,330,366,323,303,149,307,295,282,230,234,202,453,437,1134,4,12,-329,-317,-293,-278,-252,-247,-29979,-29980,-29979,-29978,-29983,-29984,-29985,-29986,-29992,-29993]} 1. b3 e5 2. Bb2 Nc6 3. e3 Bd6 (3... g6 4. c4 Bg7 5. Nf3 d6 6. d4 exd4 7. Nxd4 Nxd4 8. Bxd4 Nf6 9. Be2 O-O 10. O-O Re8 11. Bf3 c6 {1-0 (55) Fedoseev,V (2707)-Vitiugov,N (2730) Satka 2018}) 4. Na3 Qe7 $146 ({Vorgänger:} 4... Bxa3 5. Bxa3 Nge7 6. Nf3 O-O 7. Be2 Re8 8. d4 exd4 9. Nxd4 d5 10. O-O Nxd4 11. Qxd4 {1-0 (41) Bernadskiy,V (2570)-Grebeniuk,S (2266) Omelnyk 2017}) 5. Nb5 Nf6 6. Ne2 {A01: Larsen-Eröffnung} b6 7. Ng3 {[#] Schwarz muss nun Sf5 beachten.} g6 8. Be2 {Weiß steht besser.} Bb7 9. Bf3 ({Günstiger ist} 9. Nxd6+ $16 cxd6 10. O-O) 9... h5 $11 10. h4 O-O-O 11. Nxd6+ cxd6 (11... Qxd6 $11 12. a3 Qe6) 12. c4 $14 Rde8 (12... d5 $14) 13. d3 $16 Qe6 14. Ne4 Reg8 (14... Nxe4 $16 15. dxe4 (15. Bxe4 Ne7 $14) 15... Kc7) 15. Ng5 $18 Qe7 16. Ba3 Ne8 17. Bd5 Rg7 18. Qc2 f6 19. Ne4 f5 20. Ng5 Qf6 21. O-O-O Nc7 22. Bf3 Kb8 23. Kb1 Rc8 24. Rc1 b5 (24... d5 $16) 25. Qd2 a6 26. Rc2 Qe7 (26... Rgg8 $142 27. Rhc1 Rge8) 27. Rhc1 Ne6 $2 (27... a5 {war angesagt.} 28. Bxc6 dxc6 29. Qxa5 Qd7) 28. cxb5 axb5 29. Bd5 (29. Nxe6 $142 Qxe6 30. d4 exd4 31. exd4) 29... Nxg5 30. hxg5 Rh7 31. f4 Rhh8 32. g3 {[%cal Bg2g3,Bg3f4][%mdl 32]} exf4 (32... Rhf8 $142 33. Bb2 Ka8 34. Bxc6 Bxc6) 33. gxf4 ({Finger weg von} 33. exf4 $6 Rhe8 $18) 33... h4 34. Bb2 Rhe8 35. Re1 (35. e4 $1 $18) 35... Rc7 $2 (35... Na7 $16) 36. Bf6 Qh7 37. e4 h3 {[%cal Bh4h3,Bh3h2][%mdl 32]} 38. Qf2 Nb4 $2 (38... h2) 39. Rxc7 Nxd5 (39... Kxc7 $142 40. Rc1+ Nc6) 40. Rxb7+ $2 (40. exd5 $18 Rxe1+ 41. Qxe1) 40... Kxb7 $11 41. exd5 $4 {[%mdl 8192]} (41. Rh1 $11 {und Weiss ist OK.} Nxf6 42. gxf6) 41... Rxe1+ $19 42. Qxe1 h2 43. Qh1 Qh4 {...Dg3 ist eine echte Drohung.} 44. Be5 $2 {[#]} (44. Bd4 $19 Qxf4 45. Kc2) 44... dxe5 {Schwarz setzt Matt.} 45. d6+ Kb6 46. fxe5 Qf2 47. e6 Qg1+ 48. Kb2 Qxh1 {Precision: Weiß = 35%, Schwarz = 43%.} 0-1

[Event "XXIV San Miguel 2018"]
[Site "Trevias"]
[Date "2018.09.17"]
[Round "1"]
[White "Arroyo Figuero, Fernando"]
[Black "Cuevas Fernandez, Manuel A"]
[Result "0-1"]
[WhiteElo "1777"]
[BlackElo "2113"]
[Annotator "TA"]
[PlyCount "31"]
[EventDate "2018.09.17"]
[EventType "swiss"]
[EventCountry "ESP"]
[SourceTitle "playchess.com"]
[Source "ChessBase"]
[SourceQuality "1"]

{[%evp 14,31,15,0,12,-13,7,9,8,-253,-232,-327,-320,-323,-297,-382,-384,-489,-389,-454]} 1. e4 c5 2. Nf3 d6 3. d4 cxd4 4. Qxd4 Nc6 5. Bb5 Bd7 6. Bxc6 bxc6 7. O-O e5 {[%cal Be7e5,Be5e4][%mdl 32]} 8. Qd3 Nf6 {B53: Sicilian: 2...d6: Lines with Qxd4} 9. Nbd2 (9. Rd1 h6 10. Nbd2 Be6 11. Nc4 Bxc4 12. Qxc4 Qc7 13. b3 Be7 14. Nh4 g6 15. Nf3 Rc8 16. Qe2 {½-½ (32) Bodek,M (2408)-Preotu,R (2452) Calgary 2016}) 9... Be7 10. Nc4 d5 $146 {The position is equal.} ({Predecessor:} 10... Be6 11. Rd1 Bxc4 12. Qxc4 Qc7 13. Nh4 g6 14. g3 Bf8 15. Kg2 Bg7 16. f4 {0-1 (31) Prakapuk,V (1976)-Stsepkina,Y (1612) Rogachev 2018}) 11. exd5 $2 {[%mdl 8192] [#]} (11. Ncxe5 $11 dxe4 12. Qc4) 11... e4 $19 12. Qd4 (12. Qc3 {was necessary.} cxd5 13. Nfe5 dxc4 14. Rd1) 12... cxd5 ({Weaker is} 12... exf3 13. d6 $15) 13. Nfe5 dxc4 14. Rd1 Be6 15. Be3 Qxd4 16. Rxd4 0-1

[Event "XXIV San Miguel 2018"]
[Site "Trevias"]
[Date "2018.09.17"]
[Round "1"]
[White "Arroyo Figuero, Fernando"]
[Black "Cuevas Fernandez, Manuel A."]
[Result "0-1"]
[WhiteElo "1777"]
[BlackElo "2113"]
[Annotator "TA"]
[PlyCount "31"]
[EventDate "2018.09.17"]
[EventType "swiss"]
[EventCountry "ESP"]
[SourceTitle "playchess.com"]
[Source "ChessBase"]
[SourceQuality "1"]

{[%evp 15,31,18,32,0,0,-10,-6,-214,-225,-331,-312,-308,-302,-385,-385,-476,-410,-446]} 1. e4 c5 2. Nf3 d6 3. d4 cxd4 4. Qxd4 Nc6 5. Bb5 Bd7 6. Bxc6 bxc6 7. O-O e5 {[%cal Be7e5,Be5e4][%mdl 32]} 8. Qd3 Nf6 {LiveBook: 7 Games. B53: Sicilian: 2...d6: Lines with Qxd4} 9. Nbd2 (9. Rd1 h6 10. Nbd2 Be6 11. Nc4 Bxc4 12. Qxc4 Qc7 13. b3 Be7 14. Nh4 g6 15. Nf3 Rc8 16. Qe2 {½-½ (32) Bodek,M (2408)-Preotu,R (2452) Calgary 2016}) 9... Be7 10. Nc4 d5 $146 {The position is equal.} ({Predecessor:} 10... Be6 11. Rd1 Bxc4 12. Qxc4 Qc7 13. Nh4 g6 14. g3 Bf8 15. Kg2 Bg7 16. f4 {0-1 (31) Prakapuk,V (1976)-Stsepkina,Y (1612) Rogachev 2018}) 11. exd5 $2 {[#]} (11. Ncd2 $11) 11... e4 $19 12. Qd4 (12. Qc3 $142 cxd5 13. Nfe5 dxc4 14. Rd1) 12... cxd5 ({Less strong is} 12... exf3 13. d6 $15) 13. Nfe5 dxc4 14. Rd1 Be6 15. Be3 Qxd4 16. Rxd4 0-1

[Event "XXIV San Miguel 2018"]
[Site "Trevias"]
[Date "2018.09.17"]
[Round "1"]
[White "Castro Quijano, Eduardo"]
[Black "Clemente Llamero, Roberto"]
[Result "0-1"]
[WhiteElo "1766"]
[BlackElo "2086"]
[Annotator "NA RC"]
[PlyCount "88"]
[EventDate "2018.09.17"]
[EventType "swiss"]
[EventCountry "ESP"]
[SourceTitle "playchess.com"]
[Source "ChessBase"]
[SourceQuality "1"]
[TimeControl "5400+30"]

1. e4 c6 2. Nf3 d5 3. Nc3 dxe4 4. Nxe4 Nf6 5. Qe2 Nxe4 6. Qxe4 Nd7 7. d4 Nf6 8. Qd3 Qd5 9. c4 Qe4+ 10. Be3 g6 11. O-O-O Bg7 12. Qxe4 Nxe4 13. Bd3 Nf6 14. Rhe1 O-O 15. Bc2 Bg4 16. d5 cxd5 17. cxd5 Rfd8 18. Bb3 Bf5 19. Rd4 Rac8+ 20. Kd1 Ne4 21. Rb4 Bxb2 22. Rxb7 Nc3+ 23. Kd2 Nxd5 24. Ke2 Bf6 25. Rxa7 Nxe3 26. Kxe3 Bc2 27. Bxc2 Rxc2 28. Re2 Rc3+ 29. Kf4 Rdc8 30. h4 R8c4+ 31. Re4 Rc5 32. a4 Ra3 33. Kg3 Rc2 34. Rg4 h5 35. Rb4 Raa2 36. Ra8+ Kg7 37. Rbb8 Rxf2 38. Rg8+ Kh7 39. Ng5+ Bxg5 40. hxg5 Rxg2+ 41. Kf4 Rg4+ 42. Kf3 Rxg5 43. Raf8 Rf5+ 44. Kg3 Rxa4 0-1

[Event "XXIV San Miguel 2018"]
[Site "Trevias"]
[Date "2018.09.18"]
[Round "2"]
[White "Alvarez Fernandez, Enrique"]
[Black "Garcia Gonzalez, Fernando"]
[Result "1-0"]
[WhiteElo "2303"]
[BlackElo "2027"]
[Annotator "ChessBase"]
[PlyCount "57"]
[EventDate "2018.09.17"]
[EventType "swiss"]
[EventCountry "ESP"]
[SourceTitle "playchess.com"]
[Source "ChessBase"]
[SourceQuality "1"]
[TimeControl "5400+30"]

1. d4 Nf6 2. c4 Nc6 3. Nf3 e6 4. Nc3 Bb4 5. Qc2 Bxc3+ 6. Qxc3 Ne4 7. Qc2 f5 8. g3 Nb4 9. Qa4 c5 10. Bg2 O-O 11. O-O d6 12. a3 Bd7 13. Qb3 Nc6 14. dxc5 Na5 15. Qc2 Qe8 16. b3 d5 17. Bd2 Nxb3 18. Qxb3 Ba4 19. Qb2 dxc4 20. Ne5 Bc6 21. Nxc6 Qxc6 22. Rac1 Qxc5 23. Bxe4 fxe4 24. Bb4 Qb5 25. Qd4 Rfc8 26. Qxe4 Rc6 27. Rfd1 a5 28. Bc3 Rac8 29. Rd7 1-0

[Event "XXIV San Miguel 2018"]
[Site "Trevias"]
[Date "2018.09.18"]
[Round "2"]
[White "Cuevas Fernandez, Jose Alberto"]
[Black "Crespo Gavilan, Abel"]
[Result "1-0"]
[WhiteElo "2173"]
[BlackElo "1992"]
[Annotator "ChessBase"]
[PlyCount "57"]
[EventDate "2018.09.17"]
[EventType "swiss"]
[EventCountry "ESP"]
[SourceTitle "playchess.com"]
[Source "ChessBase"]
[SourceQuality "1"]
[TimeControl "5400+30"]

1. Nf3 {[%emt 0:00:00]} c5 {[%emt 0:00:27]} 2. c4 {[%emt 0:00:01]} Nf6 {[%emt 0:00:38]} 3. Nc3 {[%emt 0:00:08]} b6 {[%emt 0:01:11]} 4. e4 {[%emt 0:00:55]} d6 {[%emt 0:00:35]} 5. d4 {[%emt 0:03:06]} cxd4 {[%emt 0:00:06]} 6. Nxd4 {[%emt 0:00:02]} Bb7 {[%emt 0:00:31]} 7. f3 {[%emt 0:00:20]} a6 {[%emt 0:02:57]} 8. Be3 {[%emt 0:00:21]} Nbd7 {[%emt 0:00:43]} 9. g4 {[%emt 0:00:48]} h6 {[%emt 0:03:03]} 10. h4 {[%emt 0:02:07]} Qc7 {[%emt 0:08:05]} 11. Rc1 e6 12. Be2 {[%emt 0:08:17]} Be7 {[%emt 0:06:03]} 13. Kf2 {[%emt 0:02:20]} Nf8 {[%emt 0:26:36]} 14. b4 Qd8 15. g5 {[%emt 0:27:52]} N6d7 {[%emt 0:01:25]} 16. f4 {[%emt 0:07:40]} g6 {[%emt 0:04:19]} 17. h5 e5 {[%emt 0:04:54]} 18. hxg6 {[%emt 0:06:42]} Nxg6 19. Ne6 {[%emt 0:07:09]} fxe6 {[%emt 0:06:03]} 20. Bh5 O-O {[%emt 0:00:12]} 21. Bxg6 {[%emt 0:00:43]} exf4 22. Bh7+ {[%emt 0:11:09]} Kg7 {[%emt 0:04:04]} 23. Bd4+ e5 24. Rxh6 {[%emt 0:06:13]} f3 {[%emt 0:12:03]} 25. Qh1 {[%emt 0:01:05]} exd4 {[%emt 0:02:39]} 26. Rg6+ {[%emt 0:00:12]} Kf7 {[%emt 0:00:21]} 27. Qh5 {[%emt 0:00:01]} Bxg5 {[%emt 0:03:03]} 28. Rxg5+ {[%emt 0:00:28]} Ke7 {[%emt 0:00:39]} 29. Rg7+ 1-0

[Event "XXIV San Miguel 2018"]
[Site "Trevias"]
[Date "2018.09.18"]
[Round "2"]
[White "Cuevas Fernandez, Manuel A."]
[Black "Gonzalez Guedes, Iyan"]
[Result "1/2-1/2"]
[WhiteElo "2113"]
[BlackElo "1927"]
[Annotator "NA"]
[PlyCount "30"]
[EventDate "2018.09.17"]
[EventType "swiss"]
[EventCountry "ESP"]
[SourceTitle "playchess.com"]
[Source "ChessBase"]
[SourceQuality "1"]
[TimeControl "5400+30"]

1. d4 Nf6 2. c4 g6 3. Nc3 Bg7 4. e4 d6 5. Be2 O-O 6. g4 c5 7. g5 Ne8 8. d5 e6 9. h4 exd5 10. cxd5 f6 11. Nf3 fxg5 12. Bxg5 Qb6 {[#]} 13. Qd2 $11 (13. Bd2 $1 $16) 13... Bg4 14. Ng1 Bxe2 15. Ngxe2 Nd7 1/2-1/2

[Event "XXIV San Miguel 2018"]
[Site "Trevias"]
[Date "2018.09.18"]
[Round "2"]
[White "Clemente Llamero, Roberto"]
[Black "Bombin Pinera, Dionisio"]
[Result "1/2-1/2"]
[WhiteElo "2086"]
[BlackElo "1887"]
[Annotator "NA RC"]
[PlyCount "20"]
[EventDate "2018.09.17"]
[EventType "swiss"]
[EventCountry "ESP"]
[SourceTitle "playchess.com"]
[Source "ChessBase"]
[SourceQuality "1"]
[TimeControl "5400+30"]

1. e4 e6 2. d4 d5 3. Nd2 dxe4 4. Nxe4 Bd7 5. Nf3 Bc6 6. Bd3 Nd7 7. O-O Ngf6 8. Ng3 Be7 9. Re1 O-O 10. c3 Re8 1/2-1/2

[Event "XXIV San Miguel 2018"]
[Site "Trevias"]
[Date "2018.09.18"]
[Round "2"]
[White "Vergara Anton, Diego"]
[Black "Aguera Naredo, Javier"]
[Result "0-1"]
[WhiteElo "2063"]
[BlackElo "2369"]
[Annotator "TA"]
[PlyCount "114"]
[EventDate "2018.09.17"]
[EventType "swiss"]
[EventCountry "ESP"]
[SourceTitle "playchess.com"]
[Source "ChessBase"]
[SourceQuality "1"]

{[%evp 21,114,10,39,0,52,52,40,1,11,0,0,-5,0,-184,-188,-242,-94,-92,-91,-87,-89,-77,-84,-72,-77,-79,-80,-149,-144,-137,-32,-36,0,-63,-64,-190,-168,-190,-155,-198,-179,-270,-275,-282,-193,-239,-229,-219,-136,-208,-162,-197,-189,-192,-184,-246,-241,-242,-229,-227,-167,-330,-285,-326,-308,-319,-315,-307,-295,-305,-337,-284,-199,-491,-471,-454,-450,-560,-559,-630,-625,-646,-639,-764,-602,-918,-891,-876,-841,-1641,-1372,-4822,-1784,-29987,-29988]} 1. d4 Nf6 2. Nf3 g6 3. g3 Bg7 4. Bg2 O-O 5. O-O d6 6. c4 Nbd7 7. Nc3 e5 8. dxe5 dxe5 9. Qc2 c6 10. Rd1 Qe7 11. e4 Ne8 {LiveBook: 4 Games. E67: King's Indian: Fianchetto: 6...Nbd7} (11... a5 12. b3 Re8 13. h3 Nf8 14. Be3 N6d7 15. Na4 Ne6 16. c5 Qf8 17. Rd6 b5 18. Nb2 f5 19. Ng5 Nf6 20. exf5 Nxg5 21. Bxg5 Bxf5 {1-0 (29) Cioara,A (2429)-Petrisor,A (2401) Cap Aurora 2016}) 12. Be3 f5 ({Better is} 12... Nc7 $11) 13. exf5 $14 gxf5 {White is slightly better.} 14. Re1 e4 15. Nd2 $146 ({Predecessor:} 15. Bd4 Qf7 16. Ng5 Qe7 17. Bxg7 Nxg7 18. Nh3 {½-½ (48) Bringsken,P (1953)-Van Gool,J (1912) ICCF email 2005}) 15... Ne5 16. f3 Nf6 {[%cal Be8f6,Bf6h5,Bh5g3][%mdl 32]} 17. h3 $2 {[#]} (17. Bd4 $11) 17... Nh5 $1 $19 18. Bf2 (18. g4 {might work better.} exf3 19. gxh5) 18... e3 (18... Be6 $19 {has better winning chances.} 19. Re3 Rad8) 19. Rxe3 $17 {And now f4 would win.} f4 20. Rxe5 Bxe5 21. g4 Ng3 22. Re1 Qg7 23. Nde4 Be6 $36 {[%mdl 2048] Black has strong initiative.} 24. Na4 (24. c5 $142) 24... Rfe8 25. Nac5 b6 (25... Bf7 $17 26. b3 Bg6) 26. Nd3 $15 Bc7 27. Nb4 ({White should try} 27. Nxf4 $11 Bxf4 28. Nxg3) 27... Bd7 28. Qd3 (28. Na6 $15 Be5 29. c5) 28... Nxe4 $19 29. Rxe4 Rxe4 30. fxe4 Rd8 31. Bh4 (31. c5 $142) 31... Rf8 32. Bf3 Be8 33. Qc2 Qh6 34. Qf2 Qd6 35. Nc2 (35. Na6 $17) 35... Qe5 36. Qd4 c5 37. Qd5+ Rf7 38. Qxe5 (38. Ne1 $142) 38... Bxe5 39. b3 Rd7 40. Be1 {[#]} Bc3 $1 {[%mdl 512]} 41. Kf2 $2 (41. Bxc3 Rd3 42. Be5 Rxf3 43. Ne1 Rxh3 44. Bxf4) 41... Bxe1+ 42. Kxe1 {[%mdl 4096] Endgame KRB-KBN} Rd3 43. Ke2 Rc3 44. Ne1 a5 45. Kd2 Re3 46. Bg2 Bc6 47. Nc2 $2 (47. Nd3 {was the only chance.}) 47... Rg3 48. Ne1 a4 49. bxa4 Ra3 50. Bf3 Rxa2+ 51. Kd3 Ra3+ 52. Ke2 {[#]} Bxe4 $1 {[%mdl 512]} 53. Bxe4 Re3+ 54. Kd2 Rxe4 55. Nd3 Rxc4 56. Nb2 Rb4 (56... Rd4+ $142 57. Kc2 f3) 57. Kc3 {[#]} Rxb2 $1 {Precision: White = 21%, Black = 57%.} 0-1

[Event "XXIV San Miguel 2018"]
[Site "Trevias"]
[Date "2018.09.18"]
[Round "2"]
[White "Estrada Martinez, Cesar"]
[Black "Perez Nunez, Saul"]
[Result "*"]
[WhiteElo "2010"]
[BlackElo "2182"]
[Annotator "NA"]
[PlyCount "49"]
[EventDate "2018.09.17"]
[EventType "swiss"]
[EventCountry "ESP"]
[SourceTitle "playchess.com"]
[Source "ChessBase"]
[SourceQuality "1"]
[TimeControl "5400+30"]

1. d4 {[%emt 0:01:05]} d5 {[%emt 0:00:00]} 2. Nf3 {[%emt 0:00:09]} e6 {[%emt 0:00:00]} 3. Bf4 {[%emt 0:01:15]} Nf6 {[%emt 0:00:00]} 4. e3 {[%emt 0:00:17]} c5 {[%emt 0:00:00]} 5. c3 {[%emt 0:01:43]} Nc6 {[%emt 0:00:08]} 6. Bd3 {[%emt 0:00:23]} Be7 {[%emt 0:02:20] LiveBook: 11 Games} 7. h3 {D02: 1 d4 d5 2 Nf3 sidelines, including 2...Nf6 3 g3 and 2...Nf6 3 Bf4} (7. Nbd2 Nh5 8. Bg3 g6 9. Qe2 O-O 10. Rd1 Qb6 11. Nf1 Bd7 12. Bh4 Bxh4 13. Nxh4 cxd4 14. g4 Nf6 15. exd4 e5 16. dxe5 Bxg4 {0-1 (31) Niedbala,B (2020)-Rodshtein,M (2699) Katowice 2017}) 7... h6 {[%emt 0:00:43]} 8. Nbd2 {[%emt 0:01:50]} cxd4 {[%emt 0:00:03]} 9. exd4 {[%emt 0:01:22] White is slightly better.} Bd6 {[%emt 0:00:09]} 10. Bxd6 {[%emt 0:01:25]} Qxd6 {[%emt 0:00:05]} 11. O-O {[%emt 0:00:36]} O-O {[%emt 0:00:06]} 12. Qe2 $146 {[%emt 0:03:00]} ({Predecessor:} 12. Re1 Re8 {1-0 (47) Do Prado,H (1754)-Abdalla,U (1320) Florianopolis 2018}) 12... Qc7 {[%emt 0:08:00]} 13. Rfe1 a6 {[%emt 0:00:09]} 14. Ne5 {[%emt 0:03:33]} Nxe5 {[%emt 0:00:02]} 15. Qxe5 {[%emt 0:01:34]} Qxe5 {[%emt 0:00:34]} 16. Rxe5 {[%emt 0:02:58]} Bd7 {[%emt 0:01:48]} 17. Nf3 {[%emt 0:12:04]} b5 18. Re2 Rfc8 {[%emt 0:04:05]} 19. Ne5 {[%emt 0:00:59]} Be8 20. f4 a5 {[%emt 0:30:09]} 21. f5 {[%emt 0:13:55]} b4 {[%emt 0:02:01]} 22. fxe6 {[%emt 0:04:05]} fxe6 {[%emt 0:01:04]} 23. c4 dxc4 {[%emt 0:00:17]} 24. Bxc4 {[%emt 0:01:03]} Nd5 25. Rf2 {[%emt 0:17:14]} *